000 00996nam a2200289Ia 4500
003 OSt
005 20220926011345.0
006 a|||||r|||| 00| 0
007 ta
008 220923b |||||||| |||| 00| 0 eng d
020 _a9780691124230
_c3847.20
037 _b111792, 14/02/2018, International Book Distrobutors
_cGeneral Book
040 _aRTL
_cRTL
_beng
041 _2eng
_aeng
082 _aX:(B2816), Q6
100 _aGOEREE Jacob K
_9314038
245 0 _aQuantal response equilibrium
_b Stochastic theory of games
260 _aNew Jersey
_bPrinceton University Press
_c2016
300 _axi, 308p
_ccm.
490 _aWiley Science Editions
500 _aAppendix: p 248-262
650 _aEconomics
700 _a HOLT Charles A
_9129199
700 _a PALFREY Thomas R
_9314039
942 _hX:(B2816), Q6
_cGB
_2CC
999 _c619843
_d619843